• 首页
  • 本馆介绍
  • 公告通知
  • 最新文献
  • 馆藏检索
  • 电子资源
  • 读者导购
  • 参考咨询
  • 我的图书馆
  • 登录
  • 详细信息显示
  • 放入我的书架
  • 预约/预借图书
  • 作者相关作品
  • 分类相关作品
  • 丛书相关作品
  • 出版社相关作品

书目信息

  • 表格格式
  • 工作单格式
  • 卡片格式
题名:
项目计划与控制
    
 
作者: 卢向南 主编
分册:  
出版信息: 北京   机械工业出版社  2009
页数: 11,299页
开本: 24cm
丛书名:
单 册:
中图分类: F224.5
科图分类:
主题词: 项目管理--高等教育--教材 , 项目管理
电子资源:
ISBN: 978-7-111-27490-2
000 01033nam0 2200301 450
001 100428601966
005 20110224091130.62
010    @a978-7-111-27490-2@dCNY39.80
035    @a004243272
100    @a20090814d2009 em y0chiy0110 ea
101 0  @achi
102    @aCN@b110000
105    @ay z 000yy
106    @ar
200 1  @a项目计划与控制@9xiang mu ji hua yu kong zhi@f卢向南主编
205    @a2版
210    @a北京@c机械工业出版社@d2009
215    @a11,299页@d24cm
300    @a普通高等教育“十一五”国家规划教材 21世纪项目管理系列规划教材
312    @a封面英文题名:Project Planning & Controlling
330    @a本书共分六章,内容包括项目的进度计划与控制、项目的资源计划与均衡、项目的费用计划与控制、项目的质量计划与控制、项目的变更控制等内容。
510 1  @aProject Planning & Controlling@zeng
606 0  @a项目管理@x高等教育@j教材
606 0  @a项目管理
690    @aF224.5@v4
701  0 @a卢向南@9lu xiang nan@4主编
801  0 @aCN@bNLC@c20110224
905    @b205996010-047@h599601-04@dF224.5@e385=2@f4
    
    项目计划与控制/卢向南主编.-2版.-北京:机械工业出版社,2009
    11,299页;24cm
    普通高等教育“十一五”国家规划教材 21世纪项目管理系列规划教材
    
    ISBN 978-7-111-27490-2:CNY39.80
    本书共分六章,内容包括项目的进度计划与控制、项目的资源计划与均衡、项目的费用计划与控制、项目的质量计划与控制、项目的变更控制等内容。
●
相关链接 在E读中查询图书 在五车中查询图书 在当当中查询图书 在豆瓣中查询图书


正题名:项目计划与控制     索取号:F224.5/385=2         预约/预借

序号 登录号 条形码 馆藏地/架位号 状态 备注
1 599601   205996010   第一样本阅览室/ [索取号:F224.5/385=2] 在馆    
2 599602   205996029   第一借阅区/ [索取号:F224.5/385=2] 在馆    
3 599603   205996038   第一借阅区/ [索取号:F224.5/385=2] 在馆    
4 599604   205996047   第一借阅区/ [索取号:F224.5/385=2] 在馆    
唐山师范学院图书馆 欢迎您!
大连网信软件有限公司© 版权所有